The design and analysis of computer algorithms (Record no. 1065)

MARC details
000 -LEADER
fixed length control field 00564 a2200193 4500
001 - CONTROL NUMBER
control field 067081
003 - CONTROL NUMBER IDENTIFIER
control field OSt
005 - DATE AND TIME OF LATEST TRANSACTION
control field 20211028130109.0
008 - FIXED-LENGTH DATA ELEMENTS--GENERAL INFORMATION
fixed length control field
082 ## - DEWEY DECIMAL CLASSIFICATION NUMBER
Classification number 519.7
Item number A61D
100 1# - MAIN ENTRY--PERSONAL NAME
Personal name Aho, Alfred V.
245 1# - TITLE STATEMENT
Title The design and analysis of computer algorithms
Statement of responsibility, etc by Alfred V. Aho, John E. Hopcroft and Jeffrey D. Ullman
260 ## - PUBLICATION, DISTRIBUTION, ETC. (IMPRINT)
Place of publication, distribution, etc New Delhi
Name of publisher, distributor, etc Pearson
Date of publication, distribution, etc 2009
300 ## - PHYSICAL DESCRIPTION
Extent 470p.
690 ## - LOCAL SUBJECT ADDED ENTRY--TOPICAL TERM (OCLC, RLIN)
Topical term or geographic name as entry element Computer programming; Computer algorithms
700 ## - ADDED ENTRY--PERSONAL NAME
Personal name Hopcroft, John E.
700 ## - ADDED ENTRY--PERSONAL NAME
Personal name Ullman, Jeffrey D.
942 ## - ADDED ENTRY ELEMENTS (KOHA)
Source of classification or shelving scheme Dewey Decimal Classification
Koha item type Books
Holdings
Withdrawn status Lost status Source of classification or shelving scheme Damaged status Not for loan Collection code Home library Current library Date acquired Source of acquisition Cost, normal purchase price Full call number Barcode Date last seen Price effective from Koha item type
    Dewey Decimal Classification     General Text Book Central University Of Rajasthan Central University Of Rajasthan 07/03/2012 CSC 399.00 519.7 A61D 1367 21/11/2024 02/09/2020 Books